000 00851nam a2200289 4500
001 2189210
003 OSt
005 20211004092548.0
008 730510s1973 nyu b 000 0 eng
010 _a 72094861
020 _a0682476072
040 _aDLC
_chu
_dDLC
043 _an-us---
050 0 0 _aHQ18.U5
_bR34
082 0 0 _a301.41/7973
100 1 _aRamer, Leonard V.
_99455
245 1 0 _aYour sexual bill of rights;
_ban analysis of the harmful effects of sexual prohibitions
_c[by] Leonard V. Ramer.
250 _a[1st ed.]
260 _aNew York,
_bExposition Press
_c[1973]
300 _a126 p.
_c22 cm.
350 _a$5.00
504 _aBibliography: p. 121-126.
650 0 _aSex customs
_zUnited States.
_93780
650 0 _aSexual ethics.
_99456
906 _a7
_bcbc
_corignew
_d2
_eopcn
_f19
_gy-gencatlg
942 _2ddc
_cBOOKS
_n0
999 _c8817
_d8817